Normal view
MARC view
- Madariaga, César
Entry Nombre Personal
001 - NUMERO DE CONTROL
- campo de control: 51634
003 - IDENTIFICADOR DE NUMERO DE CONTROL
- campo de control: MX-MxUPN
005 - FECHA Y HORA DE LA ÜLTIMA TRANSACCIÓN
- campo de control: 20240614101704.0
008 - DATOS DE LONGITUD FIJA
- campo de control de longitud fija: 240418|| aca||aabn | aaa d
040 ## - FUENTE DE CATALOGACIÓN
- Agencia original de catalogación: MX-MxUPN
- Lenguaje de catalogación: spa
- Agencia de transcripción: MX-MxUPN
100 1# - ENCABEZAMIENTO - NOMBRE PERSONAL
- Nombre personal: Madariaga, César
400 1# - VEÁSE - NOMBRE DE PERSONA
- Personal name: Madariaga, César de
670 ## - FUENTE EN LA QUE SE LOCALIZARON DATOS
- Cita de la fuente: La reeducación profesional, 1931:
- Información localizada: portada (César Madariaga)
670 ## - FUENTE EN LA QUE SE LOCALIZARON DATOS
- Cita de la fuente: La orientación profesional pirotécnica y su aplicación a los inválidos del trabajo, 1925 :
- Información localizada: portada (César de Madariaga)
902 ## - CATALOGADOR
- Catalogador: Víctor Ruiz/180424
